000
00205 a2200097 4500
001
1386
100
_a
Polukhin, P.
245
_a
Metal process engineering
260
_a
_b
Peace pubs
_c
090
_c
934
_d
934
942
_a
NUST-CAE
_c
M
_c
36200
999
_c
236459
_d
236459